000 00262nam a2200097Ia 4500
001 834424
005 20250826172434.0
008 250824s9999 xx 000 0 und d
245 0 _aBEN ÇINAR AĞACI VE PUFBÖREĞİ
_cZEYNEP CEMALİ
260 _bGÜNIŞIĞI YAYINLARI
999 _c834424
_d834424